[Event "Tbilisi zt (Women)"]
[Site "Tbilisi"]
[Date "1999.??.??"]
[Round "1"]
[White "Danielian, Elina"]
[Black "Gvetadze, Sofio"]
[Result "0-1"]
[WhiteElo "2353"]
[BlackElo "2174"]
[EventDate "1999.05.07"]
[PlyCount "78"]

1.d4 Nf6 2.Nf3 e6 3.Bg5 c5 4.e3 Be7 5.Nbd2 b6 6.c3 Bb7 7.Bd3 O-O 8.O-O 
cxd4 9.exd4 d6 10.Nc4 Nbd7 11.Nfd2 Qc7 12.Ne3 Rfe8 13.Re1 Rad8 14.Rc1 Qb8 
15.Ng4 Qa8 16.Nxf6+ Nxf6 17.Bxf6 Bxf6 18.Ne4 Bxe4 19.Bxe4 d5 20.Bd3 g6 21.
f4 Qb8 22.Bb5 Re7 23.g3 Qd6 24.a3 Bg7 25.Rc2 Rb8 26.Rce2 a6 27.Bd3 Rc7 28.
h4 b5 29.h5 Rc6 30.hxg6 hxg6 31.Qb1 Qe7 32.g4 Qh4 33.Rg2 a5 34.Rf1 b4 35.
axb4 axb4 36.Qa1 Qh3 37.Qa7 Rcb6 38.Rd1 bxc3 39.f5 Bxd4+ 0-1

[Event "Tbilisi zt (Women)"]
[Site "Tbilisi"]
[Date "1999.??.??"]
[Round "1"]
[White "Darchia, Diana"]
[Black "Khurtsilava, Inga"]
[Result "0-1"]
[WhiteElo "2445"]
[BlackElo "2259"]
[EventDate "1999.05.07"]
[PlyCount "71"]

1.Nf3 g6 2.e4 Bg7 3.d4 d5 4.Nc3 c6 5.Be2 Bg4 6.Be3 e6 7.Qd2 Qa5 8.exd5 
Bxf3 9.Bxf3 cxd5 10.O-O Nc6 11.Rfd1 h5 12.Qe2 Nge7 13.Qb5 O-O 14.Qxa5 Nxa5
15.Na4 Rfc8 16.Rac1 Nf5 17.b3 b5 18.Nc5 Bxd4 19.Rxd4 Rxc5 20.b4 Nxd4 21.
Bxd4 Rc4 22.c3 Rac8 23.Re1 Nc6 24.Bf6 Rf4 25.Bg5 Rf5 26.Be3 Ne5 27.Be2 Nc4
28.Bxa7 Ra8 29.Bc5 Re5 30.Bd4 Re4 31.f3 Rxd4 32.cxd4 Rxa2 33.Bxc4 dxc4 34.
Re5 c3 35.Kf1 c2 36.Re1 0-1

[Event "Tbilisi zt (Women)"]
[Site "Tbilisi"]
[Date "1999.??.??"]
[Round "1"]
[White "Fakhiridou, Ekaterini"]
[Black "Bojkovic, Natasa"]
[Result "0-1"]
[WhiteElo "2239"]
[BlackElo "2424"]
[EventDate "1999.05.07"]
[PlyCount "58"]

1.e4 c5 2.d3 Nc6 3.g3 g6 4.Bg2 Bg7 5.f4 e6 6.Nf3 Nge7 7.O-O O-O 8.c3 d6 9.
Kh1 Rb8 10.g4 b5 11.Qe1 f5 12.gxf5 exf5 13.Be3 b4 14.Qf2 Kh8 15.Ng5 h6 16.
Qh4 Kg8 17.Nf3 bxc3 18.bxc3 c4 19.dxc4 fxe4 20.Nd4 Nxd4 21.Bxd4 Nf5 22.
Qxd8 Rxd8 23.Bxg7 Kxg7 24.Bxe4 Re8 25.Re1 Rb2 26.Na3 Rxe4 27.Rxe4 Bb7 28.
Re1 Nh4 29.Kg1 Nf3+ 0-1

[Event "Tbilisi zt (Women)"]
[Site "Tbilisi"]
[Date "1999.??.??"]
[Round "1"]
[White "Gasparian, Narine"]
[Black "Manakova, Maria"]
[Result "1-0"]
[WhiteElo "2170"]
[BlackElo "2344"]
[EventDate "1999.05.07"]
[PlyCount "53"]

1.d4 f5 2.c4 Nf6 3.Nf3 e6 4.g3 Bb4+ 5.Nbd2 O-O 6.Bg2 b6 7.O-O Bb7 8.a3 
Bxd2 9.Bxd2 Ne4 10.Be3 d6 11.Ng5 Qe7 12.Bxe4 fxe4 13.Qc2 d5 14.Rac1 c6 15.
f3 h6 16.Nh3 e5 17.cxd5 exd4 18.Bxd4 c5 19.Bc3 exf3 20.e4 g5 21.Nf2 Nd7 
22.Ng4 Qh7 23.Qd3 h5 24.Ne3 g4 25.Nf5 a5 26.Qe3 Nf6 27.Qg5+ 1-0

[Event "Tbilisi zt (Women)"]
[Site "Tbilisi"]
[Date "1999.??.??"]
[Round "1"]
[White "Goletiani, Rusudan"]
[Black "Petraki, Maria"]
[Result "1-0"]
[WhiteElo "2310"]
[BlackElo "2140"]
[EventDate "1999.05.07"]
[PlyCount "77"]

1.e4 c5 2.Nf3 d6 3.d4 cxd4 4.Qxd4 Nc6 5.Bb5 Bd7 6.Bxc6 Bxc6 7.Nc3 Nf6 8.
Bg5 e6 9.O-O-O Be7 10.Rhe1 O-O 11.Qd2 Qc7 12.Nd4 b5 13.f3 Rfd8 14.g4 Kh8 
15.Nce2 Be8 16.Ng3 Rac8 17.Rg1 a5 18.Rg2 Ng8 19.Bxe7 Nxe7 20.Nh5 d5 21.e5 
Qxe5 22.f4 Qd6 23.f5 exf5 24.gxf5 Qh6 25.Qxh6 gxh6 26.Re1 Ng8 27.f6 Bd7 
28.Re5 Re8 29.Rxd5 Bc6 30.Nxc6 Rxc6 31.Rf2 Ree6 32.Rxb5 Re1+ 33.Kd2 Re4 
34.c3 a4 35.Rb8 Re5 36.h4 Rd6+ 37.Kc2 Red5 38.Nf4 Rf5 39.Rg2 1-0

[Event "Tbilisi zt (Women)"]
[Site "Tbilisi"]
[Date "1999.??.??"]
[Round "1"]
[White "Javakhishvili, Lela"]
[Black "Kalevic, Sanja"]
[Result "0-1"]
[WhiteElo "2181"]
[BlackElo "2354"]
[EventDate "1999.05.07"]
[PlyCount "126"]

1.d4 e6 2.Nf3 Nf6 3.c4 b6 4.Bf4 Bb7 5.e3 d5 6.Nc3 Bd6 7.Bg5 O-O 8.cxd5 
exd5 9.Be2 Nbd7 10.O-O a6 11.Qb3 Re8 12.Rfd1 Qe7 13.Bh4 h6 14.Rac1 Rab8 
15.Qc2 Qe6 16.Bg3 Bxg3 17.hxg3 c5 18.dxc5 bxc5 19.Na4 Ne4 20.Bd3 f5 21.b3 
Rbc8 22.Qe2 Kh8 23.Nh2 Qf6 24.Qb2 Qe7 25.Nf3 Kh7 26.Qe2 Qe6 27.Rc2 Qf6 28.
Qf1 Rc7 29.Rdc1 Rec8 30.Qe1 Qd6 31.Nh4 g6 32.Kh2 Ne5 33.Bf1 c4 34.Qa5 Nxf2
35.Qb6 Bc6 36.Kg1 Neg4 37.Nf3 Qxg3 38.Qd4 Nh3+ 39.Kh1 Ngf2+ 40.Rxf2 Nxf2+ 
41.Kg1 Ne4 42.Nb6 Re8 43.bxc4 dxc4 44.Rxc4 Bb5 45.Rxc7+ Qxc7 46.Bxb5 axb5 
47.Nd5 Qd6 48.Qa7+ Kg8 49.Qb7 Rd8 50.Ne7+ Kf8 51.Nh4 Qd1+ 52.Kh2 Qd6+ 53.
Kg1 Qd1+ 54.Kh2 Qd7 55.Nexg6+ Ke8 56.Qxd7+ Rxd7 57.Nxf5 Ra7 58.Nd4 Nc3 59.
Ne5 Rxa2 60.Nd3 Ra3 61.Nb4 Ra4 62.Ndc2 Na2 63.Nd3 b4 0-1

[Event "Tbilisi zt (Women)"]
[Site "Tbilisi"]
[Date "1999.??.??"]
[Round "1"]
[White "Khorava, Miranda"]
[Black "Khurtsidze, Nino"]
[Result "0-1"]
[WhiteElo "2210"]
[BlackElo "2405"]
[EventDate "1999.05.07"]
[PlyCount "88"]

1.e4 c5 2.Nf3 e6 3.c4 Nc6 4.Nc3 Qb6 5.Be2 Nf6 6.O-O Be7 7.d3 a6 8.Rb1 O-O 
9.h3 Qc7 10.Be3 b6 11.Ne1 d5 12.cxd5 exd5 13.exd5 Nb4 14.Bf3 Bb7 15.d4 
Rfd8 16.dxc5 bxc5 17.Qa4 Nbxd5 18.Nxd5 Nxd5 19.Bxd5 Bxd5 20.Nc2 Qb7 21.f3 
Bc6 22.Qa5 Bb5 23.Rfd1 Bd3 24.Rd2 c4 25.Rbd1 Qxb2 26.Ne1 Qb4 27.Qxb4 Bxb4 
28.Rb2 Bc3 29.Rb7 Be2 30.Rc1 Bd2 31.Bxd2 Rxd2 32.Nc2 h6 33.a3 Re8 34.Nb4 
Bd3 35.Nxd3 cxd3 36.Rcc7 Ree2 37.Rxf7 Rxg2+ 38.Kh1 Rh2+ 39.Kg1 Rhg2+ 40.
Kh1 Rde2 41.Rfd7 d2 42.Rb8+ Kh7 43.Rbd8 Rh2+ 44.Kg1 Rxh3 0-1

[Event "Tbilisi zt (Women)"]
[Site "Tbilisi"]
[Date "1999.??.??"]
[Round "1"]
[White "Lomineishvili, Maia"]
[Black "Khmiadashvili, Tamari"]
[Result "1/2-1/2"]
[WhiteElo "2375"]
[BlackElo "2197"]
[EventDate "1999.05.07"]
[PlyCount "102"]

1.d4 d5 2.c4 c6 3.Nc3 Nf6 4.e3 g6 5.Nf3 Bg7 6.Be2 O-O 7.O-O e6 8.Qc2 b6 9.
Rd1 Bb7 10.b3 Re8 11.a4 a5 12.Ba3 Bf8 13.Bxf8 Kxf8 14.e4 dxe4 15.Nxe4 Nxe4
16.Qxe4 Qe7 17.Qe3 Nd7 18.Ne5 Red8 19.Bf3 Nxe5 20.dxe5 c5 21.Bxb7 Qxb7 22.
Rd6 Rxd6 23.exd6 Rd8 24.Rd1 Qc6 25.Qe5 Kg8 26.Rd3 Rd7 27.h4 Qa8 28.h5 Qf8 
29.Qf4 Qg7 30.h6 Qa1+ 31.Kh2 f6 32.Rd2 Kf7 33.Qe4 Qe5+ 34.Qxe5 fxe5 35.Kg3
Ke8 36.Kf3 Rf7+ 37.Ke4 Kd7 38.g4 Rf4+ 39.Kxe5 g5 40.Re2 Rf3 41.Re3 Rxf2 
42.Rh3 Rf4 43.Rh2 Rxg4 44.Rh5 Rg3 45.Kf6 Kxd6 46.Kg7 Ke7 47.Kxh7 Kf7 48.
Rh1 g4 49.Rd1 Rh3 50.Rd7+ Kf6 51.Rg7 g3 1/2-1/2

[Event "Tbilisi zt (Women)"]
[Site "Tbilisi"]
[Date "1999.??.??"]
[Round "1"]
[White "Maisuradze, Nino"]
[Black "Tqeshelashvili, Sopio"]
[Result "0-1"]
[WhiteElo "2143"]
[BlackElo "2321"]
[EventDate "1999.05.07"]
[PlyCount "100"]

1.d4 Nf6 2.c4 e6 3.Nc3 Bb4 4.Qc2 d5 5.cxd5 exd5 6.e3 O-O 7.Bd3 c6 8.Nf3 
Re8 9.O-O Qe7 10.Bd2 Bd6 11.h3 Ne4 12.Rab1 h6 13.a3 Nd7 14.Na2 Qf6 15.Nc3 
Qe6 16.Rbe1 Ndf6 17.Bc1 Nxc3 18.Qxc3 Ne4 19.Qc2 Bc7 20.Nd2 Qd6 21.f4 Bf5 
22.Nxe4 Bxe4 23.Bd2 Qg6 24.Bxe4 Rxe4 25.Qd1 h5 26.Rf3 Rae8 27.Kf2 Bd8 28.
Rg1 h4 29.Kf1 Qh5 30.Qc2 Bf6 31.Qd3 Qf5 32.Qc3 R4e7 33.Kf2 Qe4 34.Rc1 Qf5 
35.Qc2 Re4 36.Qc3 Qg6 37.Rg1 Bxd4 38.exd4 Re2+ 39.Kf1 Qb1+ 40.Bc1 Re1+ 41.
Qxe1 Rxe1+ 42.Kxe1 Qxc1+ 43.Kf2 Qxb2+ 44.Kf1 Qc1+ 45.Kf2 Qd2+ 46.Kf1 Qd1+ 
47.Kf2 Qxd4+ 48.Kf1 Qd1+ 49.Kf2 Qd2+ 50.Kf1 d4 0-1

[Event "Tbilisi zt (Women)"]
[Site "Tbilisi"]
[Date "1999.??.??"]
[Round "1"]
[White "Makropoulou, Marina"]
[Black "Stiri, Alexandra"]
[Result "1-0"]
[WhiteElo "2294"]
[BlackElo "2092"]
[EventDate "1999.05.07"]
[PlyCount "79"]

1.e4 c5 2.Nf3 d6 3.d4 cxd4 4.Nxd4 Nf6 5.Nc3 a6 6.a4 e5 7.Nf3 Qc7 8.Bg5 
Nbd7 9.Nd2 Be7 10.Bc4 h6 11.Be3 Nc5 12.a5 O-O 13.f3 Be6 14.Nd5 Nxd5 15.
exd5 Bf5 16.O-O Rfc8 17.Be2 b5 18.axb6 Qxb6 19.Nc4 Qb7 20.b3 Bd7 21.Qd2 
Bb5 22.Na5 Qc7 23.c4 Bd7 24.b4 Nb7 25.Nb3 f5 26.f4 exf4 27.Bxf4 Bf6 28.Ra2
Re8 29.c5 Bb5 30.Bxb5 axb5 31.Rxa8 Rxa8 32.c6 Nd8 33.Kh1 Nf7 34.Nd4 g5 35.
Ne6 Qe7 36.Be3 f4 37.Bd4 Nd8 38.Bxf6 Qxf6 39.Nxd8 Qxd8 40.Qd3 1-0

[Event "Tbilisi zt (Women)"]
[Site "Tbilisi"]
[Date "1999.??.??"]
[Round "1"]
[White "Matnadze, Ana"]
[Black "Sanli, Emine"]
[Result "1-0"]
[WhiteElo "2283"]
[BlackElo "2050"]
[EventDate "1999.05.07"]
[PlyCount "83"]

1.d4 Nf6 2.g3 e6 3.Bg2 d5 4.Nf3 c5 5.c4 Nc6 6.O-O Be7 7.cxd5 exd5 8.dxc5 
Bxc5 9.a3 a6 10.b4 Ba7 11.Bb2 O-O 12.Nbd2 Ne4 13.Nb3 Re8 14.Rc1 Bg4 15.
Nbd4 Bxf3 16.Bxf3 Ne5 17.Nf5 Nxf3+ 18.exf3 Nf6 19.Qd2 h6 20.Rfe1 Rxe1+ 21.
Rxe1 d4 22.Nxd4 Qb6 23.Nb3 Rd8 24.Qc2 Qd6 25.Re2 Qd1+ 26.Kg2 Qxc2 27.Rxc2 
Ne8 28.Na5 Rd7 29.Re2 Kf8 30.Nc4 Rc7 31.Ne5 Nf6 32.f4 Re7 33.Rc2 Ne8 34.a4
Nd6 35.b5 axb5 36.Ba3 Re6 37.Rc8+ Ke7 38.Rc7+ Kd8 39.Rd7+ Kc8 40.Bxd6 bxa4
41.Rc7+ Kd8 42.Rxb7 1-0

[Event "Tbilisi zt (Women)"]
[Site "Tbilisi"]
[Date "1999.??.??"]
[Round "1"]
[White "Prudnikova, Svetlana"]
[Black "Hlgatian, Goar"]
[Result "1-0"]
[WhiteElo "2415"]
[BlackElo "2239"]
[EventDate "1999.05.07"]
[PlyCount "52"]

1.Nf3 d5 2.d4 Nf6 3.c4 c6 4.Qc2 g6 5.Bf4 Bf5 6.Qb3 Qb6 7.e3 Na6 8.Nc3 Qxb3
9.axb3 Nb4 10.Ra4 Nd3+ 11.Bxd3 Bxd3 12.Kd2 dxc4 13.bxc4 b5 14.cxb5 Bxb5 
15.Ra5 Nh5 16.Rha1 Nxf4 17.exf4 Bh6 18.g3 Bc4 19.Ne5 Be6 20.Nxc6 Bd7 21.
Ne5 Be6 22.Rxa7 Rb8 23.Nc6 Rc8 24.Nxe7 Rd8 25.Nc6 Rc8 26.d5 Bf5 1-0

[Event "Tbilisi zt (Women)"]
[Site "Tbilisi"]
[Date "1999.??.??"]
[Round "1"]
[White "Sisman, Gizem"]
[Black "Nikoladze, Sopio"]
[Result "0-1"]
[WhiteElo "2050"]
[BlackElo "2262"]
[EventDate "1999.05.07"]
[PlyCount "50"]

1.d4 d5 2.Nf3 Nf6 3.c4 c6 4.cxd5 cxd5 5.Nc3 Nc6 6.e3 Bg4 7.Be2 e6 8.O-O 
Bd6 9.Bd2 O-O 10.Rc1 Rc8 11.Nh4 Bxe2 12.Qxe2 Ne4 13.Nf3 f5 14.Na4 Qe7 15.
a3 g5 16.b4 g4 17.Ne1 Bxh2+ 18.Kxh2 Qh4+ 19.Kg1 Rf6 20.g3 Qh3 21.Ng2 Rh6 
22.Nh4 Ng5 23.f4 Qxg3+ 24.Qg2 Nh3+ 25.Kh1 Qxh4 0-1

[Event "Tbilisi zt (Women)"]
[Site "Tbilisi"]
[Date "1999.??.??"]
[Round "1"]
[White "Tsurtsumia, Natia"]
[Black "Edzgveradze, Natalia"]
[Result "1/2-1/2"]
[WhiteElo "2122"]
[BlackElo "2295"]
[EventDate "1999.05.07"]
[PlyCount "42"]

1.e4 c6 2.d4 d5 3.exd5 cxd5 4.c4 Nf6 5.Nc3 e6 6.Nf3 Bb4 7.cxd5 Nxd5 8.Bd2 
O-O 9.Bd3 Be7 10.O-O Nc6 11.Qe2 Nf6 12.Ne4 Qb6 13.a3 Bd7 14.Rfd1 Rad8 15.
b4 a6 16.Rac1 Bc8 17.Bc3 Nd5 18.Nc5 Bf6 19.Ne4 Be7 20.Nc5 Bf6 21.Ne4 Be7 
1/2-1/2

[Event "Tbilisi zt (Women)"]
[Site "Tbilisi"]
[Date "1999.??.??"]
[Round "2"]
[White "Bojkovic, Natasa"]
[Black "Makropoulou, Marina"]
[Result "1-0"]
[WhiteElo "2424"]
[BlackElo "2294"]
[EventDate "1999.05.07"]
[PlyCount "67"]

1.e4 e5 2.Nf3 Nc6 3.Bb5 a6 4.Ba4 Nf6 5.O-O b5 6.Bb3 Bc5 7.a4 Rb8 8.c3 d6 
9.d4 Bb6 10.axb5 axb5 11.Na3 O-O 12.Nxb5 exd4 13.cxd4 Bg4 14.Ba4 Kh8 15.
Be3 Nxe4 16.Qc2 Qe8 17.Nxd6 Nxd6 18.Bxc6 Qd8 19.Ne5 Bf5 20.Qc3 f6 21.Nc4 
Nxc4 22.Qxc4 Qd6 23.Rfd1 Be6 24.d5 Bf7 25.Bf4 Qd8 26.Qc3 Qc8 27.Qg3 Qf5 
28.d6 cxd6 29.Bxd6 Bh5 30.Bxf8 Rxf8 31.Rd5 Qg6 32.Qxg6 hxg6 33.Ra8 Rxa8 
34.Bxa8 1-0

[Event "Tbilisi zt (Women)"]
[Site "Tbilisi"]
[Date "1999.??.??"]
[Round "2"]
[White "Edzgveradze, Natalia"]
[Black "Charkhalashvili, Inga"]
[Result "1-0"]
[WhiteElo "2295"]
[BlackElo "2147"]
[EventDate "1999.05.07"]
[PlyCount "65"]

1.d4 Nf6 2.c4 e6 3.Nc3 d5 4.Bg5 Be7 5.e3 Nbd7 6.Nf3 a6 7.a4 O-O 8.Bd3 h6 
9.Bh4 c5 10.O-O dxc4 11.Bxc4 cxd4 12.exd4 Nb6 13.Bb3 Bd7 14.a5 Nbd5 15.
Bxd5 Nxd5 16.Nxd5 exd5 17.Bxe7 Qxe7 18.Qb3 Bb5 19.Rfe1 Qd6 20.Re5 Rad8 21.
Rae1 Qc7 22.Re7 Qxa5 23.Rxb7 Rfe8 24.Rxe8+ Rxe8 25.h3 Bc4 26.Qc2 Qd8 27.
Ne5 Re7 28.Nc6 Re1+ 29.Kh2 Qd6+ 30.Ne5 Re4 31.g3 f5 32.b3 f4 33.bxc4 1-0

[Event "Tbilisi zt (Women)"]
[Site "Tbilisi"]
[Date "1999.??.??"]
[Round "2"]
[White "Gvetadze, Sofio"]
[Black "Lomineishvili, Maia"]
[Result "0-1"]
[WhiteElo "2174"]
[BlackElo "2375"]
[EventDate "1999.05.07"]
[PlyCount "140"]

1.e4 c5 2.Nf3 Nc6 3.Bb5 e6 4.O-O Nge7 5.b3 Nd4 6.Nxd4 cxd4 7.f4 a6 8.Be2 
Nc6 9.Bb2 Bc5 10.d3 O-O 11.Nd2 d5 12.Kh1 Bb4 13.Nf3 Bc3 14.Bxc3 dxc3 15.e5
d4 16.Qe1 Ne7 17.Ng5 Nf5 18.Bf3 h6 19.Ne4 Ne3 20.Rf2 Qc7 21.Re2 Nd5 22.Qg3
Qe7 23.Nd6 Ne3 24.Be4 f5 25.exf6 Qxf6 26.Rf2 e5 27.Nxc8 Raxc8 28.Bxb7 Rc7 
29.Be4 exf4 30.Qf3 Qd6 31.Rg1 Rc5 32.Qe2 Rg5 33.Rf3 a5 34.a4 Ng4 35.Rgf1 
Ne3 36.R1f2 Ng4 37.Rf1 Rh5 38.h3 Rh4 39.Kg1 Ne3 40.R1f2 Rf6 41.Qe1 Rh5 42.
Re2 Qe5 43.Qb1 Qd6 44.Qe1 Rg5 45.Ref2 Rg3 46.Qe2 Qe5 47.Qe1 Qg5 48.Qe2 Qh4
49.Kh1 Kh8 50.Bb7 Rg5 51.Be4 Ng4 52.Rf1 Ne3 53.R1f2 Re5 54.Kg1 Rg5 55.Kh1 
Rf8 56.Kg1 Kg8 57.Kh1 Rf6 58.Bb7 Rg3 59.Be4 Qg5 60.Kh2 Qe5 61.Kg1 Kh8 62.
Kh1 g5 63.Qe1 Kg7 64.Qe2 h5 65.Kg1 g4 66.Rxg3 fxg3 67.Rxf6 Qxf6 68.Bb7 Qf4
69.Be4 Nxc2 70.hxg4 Qe3+ 0-1

[Event "Tbilisi zt (Women)"]
[Site "Tbilisi"]
[Date "1999.??.??"]
[Round "2"]
[White "Hlgatian, Goar"]
[Black "Maisuradze, Nino"]
[Result "1/2-1/2"]
[WhiteElo "2239"]
[BlackElo "2143"]
[EventDate "1999.05.07"]
[PlyCount "97"]

1.e4 c5 2.Nf3 d6 3.d4 cxd4 4.Nxd4 Nf6 5.Nc3 a6 6.Be2 e5 7.Nb3 Be7 8.O-O 
O-O 9.Be3 Be6 10.Qd2 Nbd7 11.a4 Rc8 12.a5 Qc7 13.Rfd1 Qc6 14.Bf3 Rfe8 15.
Nc1 Nc5 16.Bxc5 dxc5 17.Nd5 c4 18.Ne2 Bxd5 19.exd5 Qd6 20.Nc3 Bd8 21.Ra4 
Rc5 22.Rda1 Bc7 23.g3 e4 24.Bg2 Qd8 25.Qd4 Rxa5 26.Rxa5 Bxa5 27.Nxe4 Nxe4 
28.Bxe4 c3 29.bxc3 Bxc3 30.Qxc3 Rxe4 31.Rd1 Re7 32.Qd4 b5 33.d6 Rd7 34.Qc5
h6 35.Qc6 a5 36.Rd5 b4 37.Qa6 Kh7 38.Qd3+ Kg8 39.Qd4 Qa8 40.Rc5 Qb8 41.Rc6
Qd8 42.Qc4 Qf6 43.Qa6 Kh7 44.Qd3+ Qg6 45.Qd4 Qe6 46.Kg2 a4 47.Ra6 b3 48.
cxb3 axb3 49.Rb6 1/2-1/2

[Event "Tbilisi zt (Women)"]
[Site "Tbilisi"]
[Date "1999.??.??"]
[Round "2"]
[White "Kalevic, Sanja"]
[Black "Gasparian, Narine"]
[Result "1-0"]
[WhiteElo "2354"]
[BlackElo "2170"]
[EventDate "1999.05.07"]
[PlyCount "87"]

1.e4 c5 2.Nf3 e6 3.c4 Nc6 4.Nc3 Qb6 5.Be2 a6 6.O-O Nf6 7.a3 Be7 8.d3 Qc7 
9.Ne1 O-O 10.f4 b6 11.Be3 Bb7 12.Nc2 d6 13.Rc1 Nd7 14.d4 cxd4 15.Nxd4 Nc5 
16.Bf3 Bf6 17.Nxc6 Bxc3 18.b4 Bb2 19.Rb1 Bxc6 20.bxc5 Bxa3 21.cxd6 Bxd6 
22.Bxb6 Qe7 23.e5 Bc5+ 24.Kh1 Rfc8 25.Ba5 h6 26.Qe2 Ba3 27.Rb3 Bc5 28.Rfb1
Qe8 29.h3 Bxf3 30.Qxf3 Qc6 31.Qd3 Bf8 32.Rc1 Rab8 33.Rxb8 Rxb8 34.c5 Rb2 
35.Qf3 Qc8 36.c6 Rb5 37.Bd2 Bc5 38.Qe4 Qc7 39.Kh2 Bf8 40.Be3 Rb4 41.Qd3 
Rb5 42.Qd7 Qxd7 43.cxd7 Rd5 44.Rc8 1-0

[Event "Tbilisi zt (Women)"]
[Site "Tbilisi"]
[Date "1999.??.??"]
[Round "2"]
[White "Khmiadashvili, Tamari"]
[Black "Botsari, Anna Maria"]
[Result "0-1"]
[WhiteElo "2197"]
[BlackElo "2333"]
[EventDate "1999.05.07"]
[PlyCount "69"]

1.e4 c5 2.f4 Nc6 3.Nf3 e6 4.Bb5 Nge7 5.c3 a6 6.Ba4 b5 7.Bc2 d5 8.d3 g6 9.
Qe2 Bg7 10.g4 h5 11.g5 b4 12.O-O a5 13.Ba4 O-O 14.Qf2 Ba6 15.Rd1 Rc8 16.e5
Nf5 17.d4 cxd4 18.cxd4 Qb6 19.Be3 Bb5 20.Bxb5 Qxb5 21.a4 bxa3 22.Rxa3 Rb8 
23.Rd2 Rfc8 24.Nc3 Qc4 25.Nd1 Bf8 26.Rc2 Qa6 27.Ra1 Nb4 28.Rc3 Qb5 29.Rxc8
Rxc8 30.Nc3 Qd3 31.Bc1 Nc6 32.Qe2 Qxe2 33.Nxe2 Ncxd4 34.Nfxd4 Bc5 35.Kf1 
0-1

[Event "Tbilisi zt (Women)"]
[Site "Tbilisi"]
[Date "1999.??.??"]
[Round "2"]
[White "Khurtsidze, Nino"]
[Black "Matnadze, Ana"]
[Result "1-0"]
[WhiteElo "2405"]
[BlackElo "2283"]
[EventDate "1999.05.07"]
[PlyCount "115"]

1.d4 Nf6 2.c4 e6 3.Nf3 b6 4.g3 Bb7 5.Bg2 Be7 6.O-O O-O 7.b3 d6 8.Bb2 Nbd7 
9.Nc3 Ne4 10.d5 Nxc3 11.Bxc3 e5 12.b4 c6 13.dxc6 Bxc6 14.Qb3 b5 15.Rfd1 
bxc4 16.Qxc4 Rc8 17.Qb3 Qc7 18.Rac1 Qb8 19.Bb2 d5 20.Bh3 d4 21.Rxc6 Rxc6 
22.Bxd7 Rb6 23.b5 a6 24.Nxe5 Qxe5 25.Bxd4 Qb8 26.Bxb6 Qxb6 27.bxa6 Qxa6 
28.Bb5 Qf6 29.Rd3 Qe5 30.Rd5 Qf6 31.Bc4 g6 32.a4 Ra8 33.Rd7 Kf8 34.Bb5 Bc5
35.e3 h5 36.Qd5 Rc8 37.Kg2 h4 38.gxh4 Be7 39.Qb7 Rc2 40.Qa8+ Kg7 41.Qf3 
Qxh4 42.Rd4 Qg5+ 43.Rg4 Qe5 44.Qe4 Qh5 45.Bc4 Bf6 46.h3 Rb2 47.Qe8 Rb7 48.
Qa8 Rd7 49.a5 Qc5 50.a6 Bd8 51.Qe4 Qb6 52.Qe5+ Bf6 53.Qb5 Qd6 54.Be2 Ra7 
55.Ra4 Qe7 56.Bf3 Rc7 57.Bb7 Rc5 58.Qxc5 1-0

[Event "Tbilisi zt (Women)"]
[Site "Tbilisi"]
[Date "1999.??.??"]
[Round "2"]
[White "Khurtsilava, Inga"]
[Black "Goletiani, Rusudan"]
[Result "0-1"]
[WhiteElo "2259"]
[BlackElo "2310"]
[EventDate "1999.05.07"]
[PlyCount "66"]

1.c4 Nf6 2.Nc3 d6 3.Nf3 g6 4.e4 c5 5.d4 cxd4 6.Nxd4 Bg7 7.Be2 O-O 8.Be3 a6
9.O-O b6 10.f3 Bb7 11.Rc1 Nbd7 12.b4 Rc8 13.Qd2 Re8 14.Rfd1 e6 15.Nb3 d5 
16.c5 bxc5 17.Nxc5 Nxc5 18.Bxc5 dxe4 19.Qe1 Qc7 20.Nxe4 Nxe4 21.fxe4 Qf4 
22.Qf2 Be5 23.Qxf4 Bxf4 24.Rc3 a5 25.Rf3 g5 26.g3 axb4 27.Bxb4 Be5 28.Bd6 
Bc3 29.Rdd3 Ba5 30.Rb3 Bxe4 31.Rb5 Bd2 32.Ra3 Bc1 33.Rab3 Bd5 0-1

[Event "Tbilisi zt (Women)"]
[Site "Tbilisi"]
[Date "1999.??.??"]
[Round "2"]
[White "Manakova, Maria"]
[Black "Tsurtsumia, Natia"]
[Result "1-0"]
[WhiteElo "2344"]
[BlackElo "2122"]
[EventDate "1999.05.07"]
[PlyCount "111"]

1.d4 d5 2.Nf3 Nf6 3.c4 e6 4.g3 Be7 5.Bg2 O-O 6.O-O dxc4 7.Qc2 a6 8.a4 Bd7 
9.Ne5 Bc6 10.Nxc6 Nxc6 11.e3 Na5 12.Nd2 Nd5 13.Nxc4 Nxc4 14.Qxc4 Qd7 15.
Bd2 Rfc8 16.b4 b5 17.Qb3 bxa4 18.Qxa4 Qb5 19.Rfc1 Rab8 20.Bxd5 exd5 21.
Qxa6 Bd6 22.Ra5 Qxa6 23.Rxa6 Kf8 24.Ra5 c6 25.Ra6 Bxb4 26.Bxb4+ Rxb4 27.
Raxc6 Rxc6 28.Rxc6 Ke7 29.h4 Rb2 30.Kg2 Kd7 31.Ra6 Ke7 32.g4 h6 33.Kf3 Rc2
34.h5 Rb2 35.Ra1 Kf6 36.Re1 Rd2 37.Re2 Rd1 38.Ra2 Rd3 39.Kf4 Rb3 40.Ra6+ 
Ke7 41.Ra7+ Ke6 42.Ra6+ Ke7 43.Ke5 Rb2 44.Ra7+ Kf8 45.Kxd5 Rxf2 46.Kd6 
Rf6+ 47.Kd7 g6 48.d5 Rf3 49.d6 Rxe3 50.Kc8 Rc3+ 51.Rc7 Ra3 52.Rc1 f5 53.
gxf5 gxf5 54.d7 Ra8+ 55.Kb7 Rd8 56.Kc7 1-0

[Event "Tbilisi zt (Women)"]
[Site "Tbilisi"]
[Date "1999.??.??"]
[Round "2"]
[White "Mkrtchian, Lilit"]
[Black "Javakhishvili, Lela"]
[Result "1-0"]
[WhiteElo "2294"]
[BlackElo "2181"]
[EventDate "1999.05.07"]
[PlyCount "33"]

1.e4 c5 2.Nf3 d6 3.d4 cxd4 4.Nxd4 e5 5.Bb5+ Bd7 6.Bxd7+ Qxd7 7.Nb3 Nf6 8.
Nc3 d5 9.Nxd5 Nxe4 10.O-O Nc6 11.Be3 b6 12.c4 Nf6 13.Nxf6+ gxf6 14.Qf3 Qe6
15.c5 b5 16.Rad1 Be7 17.Rd6 1-0

[Event "Tbilisi zt (Women)"]
[Site "Tbilisi"]
[Date "1999.??.??"]
[Round "2"]
[White "Nikoladze, Sopio"]
[Black "Prudnikova, Svetlana"]
[Result "1/2-1/2"]
[WhiteElo "2262"]
[BlackElo "2415"]
[EventDate "1999.05.07"]
[PlyCount "62"]

1.d4 e6 2.c4 f5 3.Nc3 Nf6 4.e3 Bb4 5.Bd3 Bxc3+ 6.bxc3 O-O 7.Ba3 d6 8.c5 
Nc6 9.cxd6 cxd6 10.Ne2 a6 11.O-O b5 12.c4 b4 13.Bb2 d5 14.Rc1 Na5 15.cxd5 
Nxd5 16.e4 fxe4 17.Bxe4 Bb7 18.Qd3 Nf6 19.Bxb7 Nxb7 20.Nf4 Qd6 21.Qe3 Rae8
22.Qe5 Nd5 23.Nd3 Qb6 24.Nc5 Rf5 25.Qg3 h6 26.Ne4 Rf4 27.Rfe1 Nd6 28.Qg6 
Rf7 29.Nc5 Nf4 30.Qg4 h5 31.Qg3 a5 1/2-1/2

[Event "Tbilisi zt (Women)"]
[Site "Tbilisi"]
[Date "1999.??.??"]
[Round "2"]
[White "Petraki, Maria"]
[Black "Darchia, Diana"]
[Result "0-1"]
[WhiteElo "2140"]
[BlackElo "2445"]
[EventDate "1999.05.07"]
[PlyCount "58"]

1.e4 c5 2.Nc3 e5 3.Bc4 d6 4.d3 Nc6 5.Nge2 Be6 6.O-O Nf6 7.f4 Bxc4 8.dxc4 
exf4 9.Nxf4 Be7 10.Ncd5 Qd7 11.Nh5 Nxh5 12.Qxh5 Ne5 13.Bg5 Bxg5 14.Qxg5 
Ng6 15.Rad1 h6 16.Qg3 O-O-O 17.b4 cxb4 18.Rb1 Rhe8 19.Qf2 Kb8 20.Rxb4 Qc6 
21.Rfb1 Rd7 22.Qf3 Ne5 23.Qb3 Rc8 24.Rb5 Nxc4 25.Qa4 Nd2 26.Nb4 Qxe4 27.
Rd1 Qe2 28.c4 Ne4 29.h3 Nc3 0-1

[Event "Tbilisi zt (Women)"]
[Site "Tbilisi"]
[Date "1999.??.??"]
[Round "2"]
[White "Sanli, Emine"]
[Black "Fakhiridou, Ekaterini"]
[Result "0-1"]
[WhiteElo "2050"]
[BlackElo "2239"]
[EventDate "1999.05.07"]
[PlyCount "70"]

1.e4 c5 2.c3 Nf6 3.e5 Nd5 4.d4 cxd4 5.cxd4 g6 6.Nf3 Bg7 7.Bc4 Nb6 8.Bb3 
Nc6 9.O-O d6 10.Qe2 O-O 11.Rd1 Bg4 12.Bf4 Qd7 13.Nc3 Qf5 14.Bg3 dxe5 15.
Bc2 Qh5 16.dxe5 Nxe5 17.Be4 Nbc4 18.Nd5 e6 19.Nf4 Bxf3 20.gxf3 Qg5 21.b3 
Na5 22.Rac1 Nac6 23.Nh3 Qh5 24.Kg2 Rad8 25.Nf4 Qh6 26.Qe3 g5 27.Ne2 f5 28.
Bxc6 f4 29.Qxa7 Rxd1 30.Rxd1 bxc6 31.Qa4 fxg3 32.hxg3 Rxf3 33.Rd8+ Rf8 34.
Rd1 Qf6 35.Rf1 Qf3+ 0-1

[Event "Tbilisi zt (Women)"]
[Site "Tbilisi"]
[Date "1999.??.??"]
[Round "2"]
[White "Sisman, Gizem"]
[Black "Khorava, Miranda"]
[Result "0-1"]
[WhiteElo "2050"]
[BlackElo "2210"]
[EventDate "1999.05.07"]
[PlyCount "52"]

1.d4 Nf6 2.Nf3 e6 3.Bg5 Be7 4.e3 b6 5.Nbd2 Bb7 6.Bd3 d5 7.O-O Nbd7 8.c4 
O-O 9.cxd5 exd5 10.Rc1 c5 11.dxc5 bxc5 12.Bb1 h6 13.Bh4 Rc8 14.Nb3 Ne4 15.
Bxe7 Qxe7 16.Bxe4 dxe4 17.Nfd2 Ne5 18.Qh5 Nd3 19.Rc3 Rfd8 20.Nc4 Rd5 21.
Qe2 Ba6 22.Rb1 Rcd8 23.h3 Rf5 24.Rf1 Ne5 25.Nba5 Nf3+ 26.Kh1 Rd2 0-1

[Event "Tbilisi zt (Women)"]
[Site "Tbilisi"]
[Date "1999.??.??"]
[Round "2"]
[White "Stiri, Alexandra"]
[Black "Danielian, Elina"]
[Result "0-1"]
[WhiteElo "2092"]
[BlackElo "2353"]
[EventDate "1999.05.07"]
[PlyCount "66"]

1.e4 c6 2.d4 d5 3.Nc3 dxe4 4.Nxe4 Nd7 5.Ng5 Ngf6 6.Bd3 e6 7.N1f3 Bd6 8.Qe2
h6 9.Ne4 Nxe4 10.Qxe4 Nf6 11.Qh4 Ke7 12.Ne5 Bxe5 13.dxe5 Qa5+ 14.c3 Qxe5+ 
15.Be3 b6 16.O-O-O Qa5 17.Qg3 e5 18.Rhe1 Be6 19.Bd2 Nd7 20.f4 Qxa2 21.f5 
Bb3 22.Rxe5+ Nxe5 23.Qxe5+ Kf8 24.Re1 Qa1+ 25.Bb1 Ba2 26.Qd6+ Kg8 27.Kc2 
Bxb1+ 28.Rxb1 Qa4+ 29.b3 Qe4+ 30.Kb2 Qxf5 31.Qxc6 Kh7 32.Re1 Rad8 33.Kc1 
Rxd2 0-1